Statistics for NBA Dunk Contest Competitors

Click here to take the quiz!

General Stats

  • This quiz has been taken 16 times
  • The average score is 91 of 186

Answer Stats

TeamPlayer% Correct
MagicAaron Gordon
100%
MagicAaron Gordon
100%
2011ClippersBlake Griffin
100%
HawksDominique Wilkins
100%
1990HawksDominique Wilkins
100%
HawksDominique Wilkins
100%
1985HawksDominique Wilkins
100%
HawksDominique Wilkins
100%
KnicksGerald Wilkins
100%
KnicksGerald Wilkins
100%
1987BullsMichael Jordan
100%
1988BullsMichael Jordan
100%
BullsMichael Jordan
100%
2015TimberwolvesZach LaVine
100%
2016TimberwolvesZach LaVine
100%
ClippersDeAndre Jordan
92%
MavsDennis Smith Jr.
92%
HawksJosh Smith
92%
2005HawksJosh Smith
92%
NuggetsJ.R Smith
92%
HornetsJ.R Smith
92%
RocketsKenny Smith
92%
RocketsKenny Smith
92%
KingsKenny Smith
92%
1997LakersKobe Bryant
92%
WarriorsOtis Smith
92%
MagicOtis Smith
92%
2000RaptorsVince Carter
92%
2018JazzDonovan Mitchell
85%
2008MagicDwight Howard
85%
MagicDwight Howard
85%
MagicDwight Howard
85%
2014WizardsJohn Wall
85%
76ersJulius Erving
85%
76ersJulius Erving
85%
SupersonicsShawn Kemp
85%
SupersonicsShawn Kemp
85%
SupersonicsShawn Kemp
85%
SupersonicsShawn Kemp
85%
HawksSpud Webb
85%
1986HawksSpud Webb
85%
HawksSpud Webb
85%
2017PacersGlenn Robinson III
77%
2003WarriorsJason Richardson
77%
2002WarriorsJason Richardson
77%
SunsLarry Nance
77%
1984SunsLarry Nance
77%
CavaliersLarry Nance Jr.
77%
2006KnicksNate Robinson
77%
2009KnicksNate Robinson
77%
2010KnicksNate Robinson
77%
KnicksNate Robinson
77%
RaptorsTracy McGrady
77%
PacersVictor Oladipo
77%
MagicVictor Oladipo
77%
TrailblazersDamian Lillard
69%
RaptorsDemar Derozan
69%
RaptorsDemar Derozan
69%
TimberwolvesGerald Green
69%
PacersGerald Green
69%
2007CelticsGerald Green
69%
Trail BlazersJames Robinson
69%
PacersPaul George
69%
PacersPaul George
69%
SunsAmare Stoudemire
62%
SunsAmare Stoudemire
62%
PacersAntonio Davis
62%
HornetsBaron Davis
62%
HornetsChris Anderson
62%
NuggetsChris Anderson
62%
SunsDerrick Jones Jr.
62%
SpursEdgar Jones
62%
2004PacersFred Jones
62%
SpursGreg Anderson
62%
KnicksKenny "Sky" Walker
62%
1989KnicksKenny "Sky" Walker
62%
HornetsLarry Johnson
62%
MagicNick Anderson
62%
BucksRay Allen
62%
HornetsRicky Davis
62%
CelticsRicky Davis
62%
BullsScottie Pippen
62%
76ersShelton Jones
62%
RocketsSteve Francis
62%
RocketsSteve Francis
62%
PistonsAndre Drummond
54%
Trail BlazersClyde Drexler
54%
Trail BlazersClyde Drexler
54%
Trail BlazersClyde Drexler
54%
Trail BlazersClyde Drexler
54%
Trail BlazersClyde Drexler
54%
1991CelticsDee Brown
54%
LakersShannon Brown
54%
1992SunsCedric Ceballos
46%
SunsCedric Ceballos
46%
TimberwolvesDerrick Williams
46%
TimberwolvesDoug West
46%
KingsGerald Wallace
46%
BobcatsGerald Wallace
46%
BucksGiannis Antetokounmpo
46%
RaptorsTerrence Ross
46%
2013RaptorsTerrence Ross
46%
76ersAndre Iguodala
38%
1996ClippersBrent Barry
38%
TimberwolvesIsaiah Rider
38%
1994TimberwolvesIsaiah Rider
38%
JazzJeremy Evans
38%
2012JazzJeremy Evans
38%
KnicksJohn Starks
38%
PacersKenny Williams
38%
NetsRichard Jefferson
38%
ThunderSerge Ibaka
38%
BullsTyrus Thomas
38%
SupersonicsDesmond Mason
31%
2001SupersonicsDesmond Mason
31%
SupersonicsDesmond Mason
31%
Trail BlazersJerome Kersey
31%
Trail BlazersJerome Kersey
31%
Trail BlazersJerome Kersey
31%
Trail BlazersJerome Kersey
31%
NuggetsKenneth Faried
31%
GrizzliesRudy Gay
31%
PistonsAllan Houston
23%
HeatBilly Thompson
23%
ClippersCorey Maggette
23%
NuggetsDarvin Ham
23%
KnicksJames White
23%
76ersJerry Stackhouse
23%
PistonsJerry Stackhouse
23%
76ersLarry Hughes
23%
LakersMichael Cooper
23%
RocketsRalph Sampson
23%
NuggetsRobert Pack
23%
GrizzliesStromile Swift
23%
SuperSonicsTom Chambers
23%
KingsBen McLemore
15%
CavsBob Sura
15%
RocketsChase Budinger
15%
NetsChris Morris
15%
JazzDeShawn Stevenson
15%
ClippersEric Bledsoe
15%
CelticsGreg Minor
15%
1995HeatHarold Miner
15%
1993HeatHarold Miner
15%
WizardsJaVale McGee
15%
SpursJohnny Dawkins
15%
HornetsKendall Gill
15%
NuggetsMahmoud Abdul-Rauf
15%
MavericksMichael Finley
15%
SunsMichael Finley
15%
CavsRon Harper
15%
CavsRon Harper
15%
NuggetsWill Barton
15%
LakersAntonio Harvey
8%
TimberwolvesChris Carr
8%
76ersClarence Weatherspoon
8%
MagicDarrell Armstrong
8%
JazzDarrell Griffith
8%
KnicksDoug Christie
8%
GrizzliesHakim Warrick
8%
WarriorsHarrison Barnes
8%
RaptorsJamario Moon
8%
WarriorsJason Richardson
8%
PacersJonathon Bender
8%
NetsMason Plumlee
8%
BullsOrlando Woolridge
8%
BullsOrlando Woolridge
8%
BucksPaul Pressey
8%
HornetsRex Chapman
8%
HornetsRex Chapman
8%
CavsRoy Hinson
8%
Trail BlazersRudy Fernandez
8%
HawksStacey Augmon
8%
PacersTerrence Stansbury
8%
SuperSonicsTerrence Stansbury
8%
PacersTerrence Stansbury
8%
KingsTerry Tyler
8%
76ersTim Perry
8%
76ersTim Perry
8%
SunsTim Perry
8%
MavsTony Dumas
8%
JazzBlue Edwards
0%
JazzDarrell Griffith
0%
JazzDavid Benoit
0%
JazzJamie Watson
0%
SunsKenny Battle
0%

Score Distribution

Percentile by Number Answered

Percent of People with Each Score

Your Score History

You have not taken this quiz